000 01007cam a2200253 4500
001 WB3634-28
008 000000n2000 000 0 eng u
035 _a(Sirsi) u108098
245 _aHelp for rural economies and countryside
260 _c2000
490 _aDETR News Release
_v(563) 25 August 2000, (3)
520 _aGovernment announces plans to benefit rual communities as part of its overall strategy for farming. Proposals include rate relief for horse-related activities to encourage farmers to diversify. Information also provided on the government's countryside and wildlife funding. Consultation paper available from tel 020 7944 4223 or www.detr.gov.uk Responses by 30 September 2000.
590 _aWB
650 _aCOUNTRYSIDE AND RIGHTS OF WAY BILL
650 _aHORSES
650 _aRATE RELIEF
650 _aFUNDING
650 _aFARMING
650 _aWILDLIFE
650 _aFARM DIVERSIFICATION
650 _aGOVERNMENT POLICY
690 _aRural
_96268
942 _n0
999 _c64567
_d64567